Typology of farms in central Finland

Elmentve itt :
Bibliográfiai részletek
Szerző: Rikkinen K.
Testületi szerző: Symposium of agricultural typology and agricultural settlements (1971) (Szeged/Pécs)
Dokumentumtípus: Könyv része
Megjelent: 1972
Sorozat:International Geographical Union : European Regional Conference
Kulcsszavak:Településföldrajz - tanya - Finnország
Online Access:http://acta.bibl.u-szeged.hu/41786
LEADER 00725naa a2200181 i 4500
001 acta41786
005 20260224081030.0
008 170705s1972 hu o 100 eng d
040 |a SZTE Egyetemi Kiadványok Repozitórium  |b hun 
041 |a eng 
100 1 |a Rikkinen K. 
245 1 0 |a Typology of farms in central Finland  |h [elektronikus dokumentum] /  |c  Rikkinen K. 
260 |c 1972 
300 |a 351-369 
490 0 |a International Geographical Union : European Regional Conference 
695 |a Településföldrajz - tanya - Finnország 
710 |a Symposium of agricultural typology and agricultural settlements (1971) (Szeged/Pécs) 
856 4 0 |u http://acta.bibl.u-szeged.hu/41786/1/igeu_1972_papers_328-346.pdf  |z Dokumentum-elérés